Zákon o mzdě po novele
Úplné znenie zákona č. 1/1992 Sb., o mzde, odmene za pracovnú pohotovosť a o priemernej mzde, ako to vyplýva z neskorších zmien a doplnení, s komentárom, platným v Českej republike.
Salvato in:
| Autore principale: | |
|---|---|
| Natura: | Capitolo di libro |
| Lingua: | ceco |
| Soggetti: | |
| Tags: |
Nessun Tag, puoi essere il primo ad aggiungerne!!
|
MARC
| LEADER | 00000naa a2200000 4500 | ||
|---|---|---|---|
| 001 | r039914 | ||
| 005 | 20230920101209.2 | ||
| 041 | 0 | |a cze | |
| 044 | |a CZ | ||
| 245 | 1 | 0 | |a Zákon o mzdě po novele |c Ladislav Jouza |
| 520 | |a Úplné znenie zákona č. 1/1992 Sb., o mzde, odmene za pracovnú pohotovosť a o priemernej mzde, ako to vyplýva z neskorších zmien a doplnení, s komentárom, platným v Českej republike. | ||
| 610 | 2 | 0 | |a odmeňovanie |
| 610 | 2 | 0 | |a mzdy |
| 610 | 2 | 0 | |a mzdy minimálne |
| 610 | 2 | 0 | |a zárobky |
| 610 | 2 | 0 | |a zamestnanci |
| 610 | 2 | 0 | |a zákony |
| 610 | 2 | 0 | |a Česko |
| 100 | 1 | |a Jouza, Ladislav | |